Managing Globalized, Deglobalized And Reglobalized Supply Chains (Record no. 42889)

MARC details
000 -LEADER
fixed length control field 00335nam a2200121Ia 4500
008 - FIXED-LENGTH DATA ELEMENTS--GENERAL INFORMATION
fixed length control field 241028s9999 xx 000 0 und d
041 ## - LANGUAGE CODE
Language code of text/sound track or separate title eng
082 ## - DEWEY DECIMAL CLASSIFICATION NUMBER
Classification number 358.4162 FAN
100 ## - MAIN ENTRY--PERSONAL NAME
Personal name Fan Di
245 ## - TITLE STATEMENT
Title Managing Globalized, Deglobalized And Reglobalized Supply Chains
260 ## - PUBLICATION, DISTRIBUTION, ETC.
Name of publisher, distributor, etc. Springer
Place of publication, distribution, etc. Switzerland
Date of publication, distribution, etc. 2023
300 ## - PHYSICAL DESCRIPTION
Extent 59;. p. 23 cm
Holdings
Withdrawn status Lost status Damaged status Not for loan Home library Current library Shelving location Date acquired Cost, normal purchase price Full call number Barcode Date last seen Cost, replacement price Price effective from Koha item type
        IMTN IMTN Rack 15-A 07/03/2024 10427.00 358.4162 FAN 33318 10/28/2024 109.99 10/28/2024 Books
Designed & Maintained by: LRC IMT Nagpur Contact: lrc@imtnag.ac.in© 2024. All Rights Reserved.